Vainqueurs de Paris-Roubaix depuis 2000 - Statistiques

Statistiques générales
  • Ce quiz a été pris 53 fois
  • Le résultat moyen est 11 sur 18
Statistiques - réponses
Hint Réponse % Correct
Jersey_rainbow.svg Alpecin - Deceuninck Flag_of_the_Netherlands.svg Mathieu van der Poel
98%
Team Visma | Lease a Bike Flag_of_Belgium_%28civil%29.svg Wout van Aert
98%
Jersey_rainbow.svg BORA - hansgrohe Flag_of_Slovakia.svg Peter Sagan
92%
Quick Step - Innergetic Omega Pharma - Quick Step Flag_of_Belgium_%28civil%29.svg Tom Boonen
92%
MaillotSuiza.svg CSC ProTeam Saxo Bank RadioShack - Leopard Flag_of_Switzerland.svg Fabian Cancellara
90%
INEOS Grenadiers Flag_of_the_Netherlands.svg Dylan van Baarle
82%
Deceuninck - Quick Step Flag_of_Belgium_%28civil%29.svg Philippe Gilbert
82%
European_champion_jersey_2016.svg Team Bahrain Victorious Flag_of_Italy.svg Sonny Colbrelli
78%
BMC Racing Team Flag_of_Belgium_%28civil%29.svg Greg Van Avermaet
67%
Orica-GreenEDGE Flag_of_Australia.svg Mathew Hayman
67%
Omega Pharma - Quick Step Flag_of_the_Netherlands.svg Niki Terpstra
61%
Team Giant - Alpecin Flag_of_Germany.svg John Degenkolb
59%
Mapei - Quick Step Domo - Farm Frites Flag_of_Belgium_%28civil%29.svg Johan Museeuw
29%
CSC ProTeam Flag_of_Australia.svg Stuart O'Grady
25%
Team Garmin - Cervélo Flag_of_Belgium_%28civil%29.svg Johan Vansummeren
20%
Alessio - Bianchi Flag_of_Sweden.svg Magnus Bäckstedt
14%
Lotto - Domo Flag_of_Belgium_%28civil%29.svg Peter Van Petegem
12%
Domo - Farm Frites Flag_of_the_Netherlands.svg Servais Knaven
6%
Aucun quiz correspondant
Distribution des résultats
% des personnes avec chaque résultat
Percentile par nombre de réponses
Votre historique - résultats
Vous n’avez pas pris ce quiz